00244nam a2200097Ia 4500008004100000245004800041260002200089300000700111440000600118521002200124140130s9999 xx 000 0 und d cNorman bridwellaClifford the Firehouse Dog bScholastic,c1994 a28 v1 aGrade 1 - Grade 2